| 000 | 00757nam a2200253Ia 4500 | ||
|---|---|---|---|
| 003 | OSt | ||
| 005 | 20221005093241.0 | ||
| 006 | a|||||r|||| 00| 0 | ||
| 007 | ta | ||
| 008 | 221004b |||||||| |||| 00| 0 eng d | ||
| 020 | _a9780307473455 (pbk) | ||
| 024 | _a121202 | ||
| 037 |
_bGift, 15/09/2012, _cTextual |
||
| 040 |
_aCRL _cCRL _beng |
||
| 041 |
_2eng _aeng |
||
| 082 | _aX:742, P8 | ||
| 100 |
_aCooper George _9618244 |
||
| 245 | 0 |
_aOrigin of financial crises _b Central banks, credit bubbles and the efficient market fallacy |
|
| 260 |
_aNew York _bVintage Books USA _c2008 |
||
| 300 |
_ax,194p. _ccm. |
||
| 650 | _aECONOMICS | ||
| 942 |
_hX:742, P8 _cTEXL _2cc |
||
| 999 |
_c1000070 _d1000070 |
||